Open Data Biblioteca Nacional de Portugal


República Portuguesa: Ministério da Cultura
Biblioteca Nacional de Portugal

Catálogo da BNP: acesso por Identificadores Unívocos
Registos Bibliográficos associados ao registo de autoridade

Etiqueta de registo: 00254nam 2200025 450
001 2284054
003 http://id.bnportugal.gov.pt/bib/catbnp/2284054
010 ## $a978-989-53452-1-2
021 ## $aPT$b560055/26
100 ## $a20260410d2026 m y0pory01030103ba
101 0# $apor
102 ## $aPT
105 ## $aa z 000yy
106 ## $ar
200 1# $aOrigens da Guarda Nacional Republicana$fAntónio Ventura...[et al.]$gcoord. Nuno Andrade$gpref. Rui Manuel Carlos Clero
205 ## $a2ª ed
210 #9 $aPorto$cFronteira do Caos,$d2026
215 ## $a223, [1] p.$cil.$d24 cm
701 #1 $aVentura,$bAntónio,$f1953-$4070$327645
702 #1 $aAndrade,$bNuno$4340$31695778
702 #1 $aClero,$bRui Manuel Carlos$4080$31995326
801 #0 $aPT$bBN$gRPC
966 ## $lBN$mFGMON$x1
966 ## $lBN$mFGMON$x1
971 ## $cabrito$d20260410

OpendataBNP@bnportugal.pt | Mais informação sobre acesso aos dados BNP